Statistics for Countries Bordering Only One Landlocked Country

Click here to take the quiz!

General Stats

  • This quiz has been taken 57 times
    (43 since last reset)
  • The average score is 22 of 33

Answer Stats

Answer% Correct
Chile
96%
Paraguay
96%
Bolivia
92%
Peru
92%
Lithuania
79%
Republic of the Congo
75%
Cambodia
71%
Ghana
71%
Greece
71%
Latvia
71%
Pakistan
71%
Somalia
71%
Belgium
67%
Spain
67%
Togo
67%
Vietnam
67%
Azerbaijan
63%
Macedonia
63%
Montenegro
63%
Myanmar
63%
Thailand
63%
Turkey
63%
Angola
58%
Armenia
58%
Bosnia and Herzegovina
58%
Djibouti
58%
Eritrea
58%
Ethiopia
58%
Guinea
58%
Mauritania
54%
Senegal
46%
Burundi
42%
Malawi
42%

Score Distribution

Percentile by Number Answered

Percent of People with Each Score

Your Score History

You have not taken this quiz since the last reset